5HLuxD.jpg

KING HENRY VIII SENIOR AND PRIMARY SCHOOL LIBRARY OPAC

DISCOVERING DINOSAURS (Record no. 4226)

000 -LEADER
fixed length control field 00310nam a22001097a 4500
008 - FIXED-LENGTH DATA ELEMENTS--GENERAL INFORMATION
fixed length control field 250128b ||||| |||| 00| 0 eng d
020 ## - INTERNATIONAL STANDARD BOOK NUMBER
International Standard Book Number 9780857267108
082 ## - DEWEY DECIMAL CLASSIFICATION NUMBER
Classification number 567.91
100 ## - MAIN ENTRY--PERSONAL NAME
Personal name BENTON,MICHAEL
Relator term MICHAEL BENTON
245 ## - TITLE STATEMENT
Title DISCOVERING DINOSAURS
Remainder of title FLYING MONSTERS
942 ## - ADDED ENTRY ELEMENTS (KOHA)
Source of classification or shelving scheme
Classification part 567.91
Holdings
Withdrawn status Lost status Source of classification or shelving scheme Damaged status Not for loan Collection code Permanent Location Current Location Shelving location Date acquired Total Checkouts Full call number Barcode Date due Date last seen Date last checked out Price effective from Koha item type Public note
          Non-Fiction KH8 Primary School Library KH8 Primary School Library Non Fiction 2025-01-28 6 567.91 BEN KHPL000005050 2026-04-27 2026-04-17 2026-04-17 2025-01-28 Books - Non Ficton KH8 PRIMARY
          Non-Fiction KH8 Primary School Library KH8 Primary School Library Non Fiction 2025-01-28 6 567.91 BEN KHPL000007253 2026-04-27 2026-04-17 2026-04-17 2025-01-28 Books - Non Ficton PRIMARY LIBRARY

Powered By KH8 IT Dept